000
00343cam a2200145ua 4500
041
_a
eng
_h
082
_a
823.308
_b
GAR/CO
100
_a
Garet, Rogers .
245
_a
Corner on angels /
_c
Rogers Garet.
_h
Textual Documents
260
_a
London :
_b
Putnam ,
_c
1960.
300
_a
600 ; .
504
_a
942
_c
BK
999
_c
11756
_d
11756